000 00491nam a2200181Ia 4500
005 20250326124650.0
008 250326s9999 xx 000 0 und d
037 _aTextbook
040 _aFMSL
_beng
_cFMSL
041 _aeng
_2eng
084 _aX:81 L9
_qFMSL
100 _aStanford M J
_9737743
245 0 _aManagement policy
_cStanford M J
260 _aNew Jersey
_bNew Jersey, Prentice-Hall
_c1979
300 _a625p
942 _cTB
_hX:81 L9
999 _c1274645
_d1274645